[Event "10th Khazar Cup"]
[Site "Rasht IRI"]
[Date "2012.03.07"]
[Round "11"]
[White "Tiviakov,S"]
[Black "Idani,P"]
[Result "0-1"]
[WhiteElo "2673"]
[BlackElo "2451"]

1.e4 c5 2.Nc3 d6 3.Nge2 e5 4.Nd5 Ne7 5.Nec3 Nxd5 6.Nxd5 Be7 7.b4 O-O 8.bxc5 dxc5
9.Bc4 Nc6 10.O-O Be6 11.d3 Rb8 12.a4 Bg5 13.Bb2 Nd4 14.Ne3 Bxe3 15.fxe3 Nc6
16.Bb5 Qg5 17.Qe2 Rbc8 18.a5 Ne7 19.h4 Qxh4 20.Bxe5 Ng6 21.Bh2 c4 22.Rab1 Qd8
23.a6 cxd3 24.cxd3 bxa6 25.Bxa6 Rc6 26.d4 Bc8 27.Bb5 Rb6 28.Rbc1 Qe7 29.Bd3 Qa3
30.Ra1 Qe7 31.Rfc1 Nh4 32.Rc7 Qd8 33.Rac1 Bd7 34.Bg3 Rh6 35.Qf2 Ng6 36.Rxa7 Be8
37.Rac7 Rh5 38.e5 Bd7 39.Be4 Be6 40.Bf3 Rg5 41.Bf4 Rf5 42.g3 f6 43.d5 Bxd5
44.Rc8 Nxe5 45.Rxd8 Nxf3+ 46.Kf1 Rxd8 47.g4 Nd2+ 48.Ke1 Nf3+ 49.Kf1 Nd2+
50.Kg1 Nf3+ 51.Kg2 Ne5+ 52.Kg3 Nd3 53.Qd2 Rxf4 54.Qxd3 Rf3+ 55.Kh2 Rf2+ 56.Kg3 Rg2+
57.Kh3 Rxg4 58.Rc8 Bg2+ 59.Kxg4 Rxc8 60.Qd7 Rf8 61.Qe6+ Kh8 62.Qe7 Rg8 63.Kg3 Bf1
64.Kg4 Bb5 65.Kf4 Be8 66.Kg4 Bg6 67.Kf4 Re8 68.Qd7 h5 69.Kf3 Kh7 70.Qc7 Re4
71.Qd7 Rg4 72.Qe6 Be4+ 73.Kf2 f5 74.Qf7 Kh6 75.Qe8 Rg2+ 76.Kf1 Rg6 77.Qh8+ Kg5
78.Qh7 h4 79.Kf2 Bd5 80.Kf1 Bf7 81.Kf2 Kg4 82.Qh8 Bd5 83.Qb8 Kh3 84.Kf1 Be4
85.Qd8 Rg2 86.Qd4 g5 87.Qe5 g4 88.Qf4 g3 89.Ke1 Rf2  0-1

[Event "Nakhchivan Open 2012"]
[Site "Nakhchivan AZE"]
[Date "2012.04.29"]
[Round "2.11"]
[White "Rzayev,B"]
[Black "Tiviakov,S"]
[Result "0-1"]
[WhiteElo "2360"]
[BlackElo "2673"]

1.Nf3 Nf6 2.g3 b6 3.Bg2 Bb7 4.c4 g6 5.O-O Bg7 6.Nc3 O-O 7.d4 Ne4 8.Nxe4 Bxe4
9.Be3 d6 10.Qd2 e6 11.Bh6 Nd7 12.Bxg7 Kxg7 13.Ne1 Bxg2 14.Nxg2 Qe7 15.b4 Nf6
16.Ne3 c6 17.a4 d5 18.cxd5 cxd5 19.b5 Ne4 20.Qb2 h5 21.Qa3 Qxa3 22.Rxa3 Rfc8
23.Rfa1 a6 24.bxa6 Rxa6 25.f3 Nd6 26.Nd1 Rc4 27.e3 Rc2 28.R3a2 Rxa2 29.Rxa2 Nc4
30.Kf2 b5 31.Nb2 b4 32.Nxc4 dxc4 33.Ke2 b3 34.Ra1 c3 35.Kd3 Rc6  0-1

[Event "Nakhchivan Open 2012"]
[Site "Nakhchivan AZE"]
[Date "2012.04.30"]
[Round "3.5"]
[White "Tiviakov,S"]
[Black "Mirzoev,A"]
[Result "1/2-1/2"]
[WhiteElo "2673"]
[BlackElo "2560"]

1.e4 e5 2.Bc4 Nc6 3.Nf3 Nf6 4.d3 Be7 5.O-O d6 6.c3 O-O 7.Bb3 Be6 8.Bc2 d5
9.Qe2 dxe4 10.dxe4 Nd7 11.Rd1 Qe8 12.Nbd2 Nb6 13.Nf1 Rd8 14.Rxd8 Qxd8 15.Ne3 g6
16.b4 a6 17.a4 f6 18.a5 Nc8 19.Bb2 Nb8 20.Rd1 Qe8 21.Nd5 Bd8 22.Ba3 Rf7 23.c4 c6
24.Nc3 Rd7 25.Na4 Rxd1+ 26.Bxd1 Nd7 27.c5  1/2-1/2

[Event "Nakhchivan Open 2012"]
[Site "Nakhchivan AZE"]
[Date "2012.05.01"]
[Round "4.5"]
[White "Guliev,Sarh"]
[Black "Tiviakov,S"]
[Result "0-1"]
[WhiteElo "2498"]
[BlackElo "2673"]

1.d4 Nf6 2.c4 e6 3.Nc3 Bb4 4.e3 O-O 5.Ne2 d5 6.a3 Be7 7.cxd5 exd5 8.g3 a5
9.Bg2 Na6 10.O-O c6 11.Nf4 Nc7 12.b3 Re8 13.Nd3 Bf8 14.Ne2 Ne4 15.a4 g6 16.Ra2 Bg7
17.Ba3 h5 18.Re1 h4 19.gxh4 Qxh4 20.f3 Ng5 21.Ng3 Bh3 22.Bxh3 Qxh3 23.Ne5 Rad8
24.f4 Ne4 25.Rg2 Ne6 26.Rf1 Nxg3 27.Rxg3 Qf5 28.Qd2 c5 29.Bb2 cxd4 30.exd4 Rc8
31.Rg2 b6 32.Qf2 Rc7 33.Ng4 Nf8 34.h4 Re4 35.Ne3 Qh3 36.Rg3 Qxh4 37.f5 Bh6
38.Nxd5 Rc2 39.Qxc2 Qxg3+ 40.Qg2 Be3+ 41.Nxe3 Qxe3+ 42.Rf2 Rf4 43.fxg6 Nxg6
44.d5 Rf5 45.Kf1 Qd3+ 46.Kg1 Qb1+ 47.Qf1 Rg5+ 48.Kh2 Qe4 49.Rg2 Rxd5 50.Qc1 Qh4+
51.Kg1 Qd8 52.Qf4 Rd3 53.Bf6 Rd1+ 54.Kh2 Qd6 55.Be5 Qd5 56.Qf6 Kf8 57.Bf4 Qh5+
58.Kg3 Rd3+ 59.Kf2 Qf3+  0-1

[Event "Nakhchivan Open 2012"]
[Site "Nakhchivan AZE"]
[Date "2012.05.02"]
[Round "5.3"]
[White "Tiviakov,S"]
[Black "Esen,B"]
[Result "1-0"]
[WhiteElo "2673"]
[BlackElo "2555"]

1.e4 c5 2.Nc3 d6 3.Nge2 Nf6 4.g3 g6 5.d4 Na6 6.Bg2 Bg7 7.O-O O-O 8.h3 Rb8
9.Bg5 h6 10.Be3 b5 11.e5 dxe5 12.dxe5 Nd7 13.e6 fxe6 14.Nf4 Ne5 15.Qe2 Qb6
16.Ne4 Qc7 17.Rad1 Rb6 18.Nd3 Nxd3 19.cxd3 Bb7 20.Rc1 Qe5 21.Nxc5 Bxg2 22.Kxg2 Rc6
23.Nxa6 Rxa6 24.b3 Rd8 25.Rc5 Rd5 26.Rfc1 Kh7 27.R1c2 Qd6 28.Qf3 Rf5 29.Qe4 Rxc5
30.Rxc5 Rxa2 31.h4 Ra6 32.Rxb5 e5 33.Rb7 Qe6 34.b4 h5 35.Rxa7 Rd6 36.Bc5 Rd7
37.b5 Bf6 38.Rxd7 Qxd7 39.b6  1-0

[Event "Nakhchivan Open 2012"]
[Site "Nakhchivan AZE"]
[Date "2012.05.03"]
[Round "6.1"]
[White "Tiviakov,S"]
[Black "Iordachescu,V"]
[Result "1/2-1/2"]
[WhiteElo "2673"]
[BlackElo "2644"]

1.e4 e5 2.Bc4 Nf6 3.d3 c6 4.Nf3 d5 5.Bb3 a5 6.a3 Bd6 7.Nc3 d4 8.Ne2 Na6 9.c3 dxc3
10.bxc3 Nc5 11.Bc2 O-O 12.O-O Re8 13.Be3 b6 14.Bxc5 Bxc5 15.Nxe5 Rxe5 16.d4 Re8
17.dxc5 Ba6 18.f3 bxc5 19.Rf2 Nd7 20.f4 Nb6 21.Qe1 Bd3 22.Bxd3 Qxd3 23.Ng3 Rad8
24.e5 Nc4 25.Rf3 Qc2 26.Rf2 Qd3 27.Rf3 Qc2 28.Rf2 Qd3  1/2-1/2

[Event "Nakhchivan Open 2012"]
[Site "Nakhchivan AZE"]
[Date "2012.05.04"]
[Round "7.2"]
[White "Grachev,B"]
[Black "Tiviakov,S"]
[Result "1/2-1/2"]
[WhiteElo "2705"]
[BlackElo "2673"]

1.c4 e5 2.Nc3 Nf6 3.Nf3 Nc6 4.g3 d5 5.cxd5 Nxd5 6.Bg2 Nb6 7.O-O Be6 8.a3 Be7
9.b4 O-O 10.Rb1 f6 11.d3 Nd4 12.Nh4 c6 13.e3 Nf5 14.Nxf5 Bxf5 15.Qb3+ Kh8
16.Ne4 Qc8 17.Nc5 Nd7 18.e4 Bg4 19.Be3 b6 20.Na4 b5 21.Nc3 Nb6 22.Rfc1 Qd7
23.a4 bxa4 24.Nxa4 Nxa4 25.Qxa4 Rfc8 26.Bf1 Rab8 27.Qxa7 Qxa7 28.Bxa7 Rxb4
29.Rxb4 Bxb4 30.Bc5 Bxc5 31.Rxc5 Bf3 32.Bg2 Be2 33.Bf1 Bf3 34.Bg2 Be2 35.Rc3 g5
36.f3 g4 37.Kf2 Bxf3 38.Bxf3 gxf3 39.Kxf3 Kg7 40.Ke3 Kg6 41.Rc5 h5 42.h4 Rc7
43.d4 exd4+ 44.Kxd4 Rd7+ 45.Ke3 Rd6 46.Kf4 Re6 47.Rc1 Rd6 48.Rc2 Re6 49.Rc5 Rd6
50.g4 hxg4 51.Kxg4 Rd1 52.h5+ Kg7 53.Rxc6 Rg1+ 54.Kf4 Rf1+ 55.Ke3  1/2-1/2

[Event "Nakhchivan Open 2012"]
[Site "Nakhchivan AZE"]
[Date "2012.05.05"]
[Round "8.3"]
[White "Tiviakov,S"]
[Black "Shanava,K"]
[Result "1/2-1/2"]
[WhiteElo "2673"]
[BlackElo "2586"]

1.e4 g6 2.d4 Bg7 3.c3 d6 4.Nf3 Nf6 5.Bd3 O-O 6.O-O c5 7.Re1 cxd4 8.cxd4 Bg4
9.Nbd2 Nc6 10.h3 Bxf3 11.Nxf3 Nd7 12.Be3 Rc8 13.Bf1 Nb4 14.Re2 Nb6 15.a3 Nc6
16.Rc2 Qd7 17.Rac1 Nb8 18.d5 Rxc2 19.Rxc2 Rc8 20.b4 Rxc2 21.Qxc2 Qc8 22.Qxc8+ Nxc8
23.Nd4 Nd7 24.f4 Ncb6 25.Kf2 Kf8 26.Bd3 Na4 27.g4 Ndb6 28.Nc2 Bb2 29.Kf3 Nc3
30.Bd4 Nca4 31.Be3 Nc3 32.g5 Nb1 33.a4 Nxa4 34.Bxa7 Na3 35.Be3 Nxc2 36.Bxc2 Nc3
37.Bd4 Na4 38.Ke3 Bxd4+ 39.Kxd4 Nb6 40.e5 Kg7 41.Bd3 h6 42.h4 hxg5 43.hxg5 Na8
44.f5 gxf5 45.Bxf5 Nc7 46.Bd3 b5 47.exd6  1/2-1/2

[Event "4th Rheinland-Pfalz Open 2012"]
[Site "Altenkirchen GER"]
[Date "2012.06.07"]
[Round "1.1"]
[White "Tiviakov,S"]
[Black "Marzec,Witold"]
[Result "1-0"]
[WhiteElo "2656"]
[BlackElo "1869"]

1.e4 c5 2.Nc3 e5 3.Bc4 Nf6 4.Nf3 Bd6 5.d3 a6 6.a4 Nc6 7.O-O Nd4 8.Nxd4 cxd4
9.Nd5 Nxd5 10.Bxd5 O-O 11.f4 exf4 12.Bxf4 Bxf4 13.Rxf4 Qc7 14.Qf3 d6 15.Rf1 Bd7
16.Rxf7 Rxf7 17.Qxf7+ Kh8 18.Qf8+  1-0

[Event "4th Rheinland-Pfalz Open 2012"]
[Site "Altenkirchen GER"]
[Date "2012.06.08"]
[Round "3.1"]
[White "Tiviakov,S"]
[Black "Bruehl,A"]
[Result "1-0"]
[WhiteElo "2656"]
[BlackElo "2333"]

1.e4 e5 2.Nf3 Nc6 3.Bc4 Bc5 4.c3 Nf6 5.d3 a6 6.Bb3 d6 7.h3 Ba7 8.Nbd2 Ne7
9.Nf1 Ng6 10.Ng3 O-O 11.O-O h6 12.d4 Bd7 13.Be3 Bc6 14.Qc2 Re8 15.Rfe1 Qe7
16.Nd2 Bd7 17.a4 Kh8 18.a5 Be6 19.Rad1 c6 20.dxe5 dxe5 21.Bxa7 Rxa7 22.Nc4 Raa8
23.Nd6 Red8 24.Bxe6 fxe6 25.Nc4 Qc5 26.Nb6 Rab8 27.b4 Qe7 28.Rb1 Ne8 29.Nf1 Nf4
30.Kh2 Qg5 31.g3 Ng6 32.Ne3 h5 33.h4 Qe7 34.Na4 Nf6 35.Nc5 Kg8 36.Rbd1 Nd7
37.Nxd7 Rxd7 38.Qe2 Rxd1 39.Rxd1 Qf6 40.Ng2 Nf8 41.Qxh5 Qxf2 42.Qxe5 Re8
43.Qf4 Qxf4 44.Nxf4 Kf7 45.Kg2 Ke7 46.Kf3 Rc8 47.e5 c5 48.Rd6 cxb4 49.cxb4 Nd7
50.Rxe6+ Kf7 51.Ke4 Rc4+ 52.Kf5 Rxb4 53.Nd5 Nc5 54.Re7+ Kf8 55.Rc7 Rc4 56.Rc8+  1-0

[Event "4th Rheinland-Pfalz Open 2012"]
[Site "Altenkirchen GER"]
[Date "2012.06.08"]
[Round "4.1"]
[White "Teterev,V"]
[Black "Tiviakov,S"]
[Result "1/2-1/2"]
[WhiteElo "2516"]
[BlackElo "2656"]

1.Nf3 Nf6 2.g3 b6 3.Bg2 Bb7 4.c4 e6 5.O-O c6 6.b3 d5 7.Bb2 Be7 8.d3 O-O 9.Nbd2 c5
10.e3 Nc6 11.Qe2 Qc7 12.Rac1 Rad8 13.d4 cxd4 14.cxd5 Nxd5 15.Nxd4 Nxd4 16.Bxd4 Qb8
17.Nc4 f6 18.Rfd1 Nc7 19.Bxb7 Qxb7 20.Qg4 Rf7 21.Bb2 Rxd1+ 22.Rxd1 Qc6 23.Rc1 Qd7
24.Rd1 Qc6 25.Rc1 Qd7 26.Qf3 Bf8 27.Rd1  1/2-1/2

[Event "4th Rheinland-Pfalz Open 2012"]
[Site "Altenkirchen GER"]
[Date "2012.06.09"]
[Round "5.3"]
[White "Tiviakov,S"]
[Black "Dervishi,E"]
[Result "1-0"]
[WhiteElo "2656"]
[BlackElo "2540"]

1.e4 e5 2.Nf3 Nc6 3.Bc4 Nf6 4.d3 Be7 5.c3 O-O 6.Bb3 d6 7.O-O h6 8.Be3 d5
9.Nbd2 a6 10.h3 Be6 11.Bc2 Qd7 12.d4 exd4 13.Nxd4 Nxd4 14.Bxd4 c5 15.Be5 Rad8
16.Qf3 Qc6 17.Rfe1 Nd7 18.Bxg7 Kxg7 19.exd5 Qxd5 20.Qxd5 Bxd5 21.Rxe7 Be6
22.Ne4 Rh8 23.Rd1 c4 24.Rd6 Kf8 25.Rexe6 fxe6 26.Nc5 Ke7 27.Rxe6+ Kf7 28.Bg6+ Kg7
29.Nxb7 Nf8 30.Re7+ Kf6 31.Nxd8 Kxe7 32.Nc6+ Kd6 33.Be4 Ne6 34.Na5 Kc5 35.b4+ cxb3
36.axb3 Nf4 37.Kf1 Re8 38.b4+ Kb6 39.Nc4+ Ka7 40.Nd2 Rc8 41.Nb1 Re8 42.Bf5 Rf8
43.Be4 Re8 44.Bf3 Nd3 45.Be2 Nf4 46.Bc4 Rd8 47.Bb3 Re8 48.Na3 Nd3 49.g3 Rc8
50.Nb1 Nxb4 51.Ke2 Re8+ 52.Kd2 Rd8+ 53.Ke3 Nd3 54.f4 Nc5 55.Bc2 Kb6 56.g4 Kc6
57.h4 Kd5 58.Nd2 a5 59.Nb3 Re8+ 60.Kf3 Nxb3 61.Bxb3+ Kd6 62.g5 hxg5 63.hxg5 Rc8
64.c4 Rb8 65.Ba2 Rb2 66.c5+ Ke7 67.Bd5 Rd2 68.Ke4 a4 69.c6 a3 70.c7 Kd7 71.g6 a2
72.Bxa2 Rxa2 73.f5 Rg2 74.Ke5 Kxc7 75.Ke6 Re2+ 76.Kf7 Kd6 77.f6 Ke5 78.Kg7 Kd5  1-0

[Event "4th Rheinland-Pfalz Open 2012"]
[Site "Altenkirchen GER"]
[Date "2012.06.10"]
[Round "7.2"]
[White "Tiviakov,S"]
[Black "Heimann,An"]
[Result "1-0"]
[WhiteElo "2656"]
[BlackElo "2487"]

1.e4 e5 2.Nf3 Nc6 3.Bb5 a6 4.Ba4 Nf6 5.Qe2 b5 6.Bb3 Be7 7.c3 d5 8.d3 O-O
9.Bg5 dxe4 10.dxe4 Nd7 11.Be3 Na5 12.Bc2 Nc4 13.Bc1 Bb7 14.Nbd2 Nxd2 15.Bxd2 c5
16.b3 Qc7 17.O-O Rfd8 18.a4 Bc6 19.Be3 Nf8 20.axb5 Bxb5 21.c4 Bc6 22.Bd2 Qb8
23.Bc3 Bf6 24.Rfb1 Ne6 25.b4 Nd4 26.Bxd4 exd4 27.Qd3 Be7 28.b5 axb5 29.Rxa8 Qxa8
30.cxb5 Bb7 31.Ne5 Bf6 32.Nc4 g6 33.f3 Bg5 34.Bb3 Qb8 35.Na5 Rd7 36.b6 Bf4
37.g3 Bxg3 38.hxg3 Qxg3+ 39.Kf1 Qh3+ 40.Ke1 Qg3+ 41.Kd2 Qg5+ 42.Kc2 Qg2+
43.Kc1 c4 44.Bxc4  1-0

[Event "Turkish Bank Chess League 2012"]
[Site "Konya TUR"]
[Date "2012.07.16"]
[Round "6"]
[White "Tiviakov,S"]
[Black "Esen,B"]
[Result "1/2-1/2"]
[WhiteElo "2675"]
[BlackElo "2575"]

1.e4 c5 2.Nc3 d6 3.Nge2 Nf6 4.g3 Nc6 5.Bg2 g6 6.d4 cxd4 7.Nxd4 Nxd4 8.Qxd4 Bg7
9.O-O O-O 10.Qc4 Nd7 11.Nd5 Ne5 12.Qb3 Nc6 13.Bg5 h6 14.Be3 b6 15.c4 Bb7
16.Rfd1 Rc8 17.Rac1 e6 18.Nf4 Qc7 19.Qa3 Rfd8 20.b3 Ba8 21.h3 Ne5 22.Bd4 h5
23.Ne2 Bh6 24.f4 Nd7 25.Nc3 a6 26.Qxa6 h4 27.gxh4 Bxf4 28.Rc2 Nc5 29.Qa3 Qe7
30.b4 Nd7 31.Ne2 Be5 32.Bf2 Kg7 33.Qe3 Rh8 34.Nf4 Bf6 35.Qd2 Ne5 36.Qe2 Bb7
37.h5 g5 38.h6+ Rxh6 39.Nd3  1/2-1/2

[Event "Turkish Bank Chess League 2012"]
[Site "Konya TUR"]
[Date "2012.07.18"]
[Round "9"]
[White "Tiviakov,S"]
[Black "Iordachescu,V"]
[Result "1/2-1/2"]
[WhiteElo "2675"]
[BlackElo "2636"]

1.e4 e5 2.Nf3 Nf6 3.d4 Nxe4 4.Bd3 d5 5.Nxe5 Nd7 6.Nxd7 Bxd7 7.O-O Bd6 8.Qh5 Nf6
9.Re1+ Kf8 10.Qh4 Ng4 11.Qxd8+ Rxd8 12.h3  1/2-1/2

[Event "LBV Open A 2012"]
[Site "Roosendaal NED"]
[Date "2012.08.16"]
[Round "1.1"]
[White "Tiviakov,S"]
[Black "Janse,JJ"]
[Result "1-0"]
[WhiteElo "2674"]
[BlackElo "2202"]

1.e4 c6 2.d4 d5 3.Nd2 Qb6 4.c3 g6 5.Ngf3 Bg7 6.Bd3 dxe4 7.Nxe4 Nf6 8.Nxf6+ Bxf6
9.O-O O-O 10.Re1 Rd8 11.Ng5 h6 12.Ne4 Bg7 13.Bc4 Bd7 14.Qf3 Be8 15.Qh3 h5
16.Bg5 Bf8 17.Qh4 Qxb2 18.Bxe7 Bxe7 19.Qxe7 Nd7 20.Ng5  1-0

[Event "LBV Open A 2012"]
[Site "Roosendaal NED"]
[Date "2012.08.17"]
[Round "2.1"]
[White "Leenhouts,K"]
[Black "Tiviakov,S"]
[Result "0-1"]
[WhiteElo "2390"]
[BlackElo "2674"]

1.d4 Nf6 2.c4 e6 3.Nc3 Bb4 4.e3 O-O 5.Bd3 d5 6.Nf3 b6 7.O-O Bb7 8.cxd5 exd5
9.a3 Bd6 10.b4 Nbd7 11.Qb3 a6 12.Bb2 Qe7 13.Rfe1 Rfe8 14.Rac1 b5 15.a4 Bxb4
16.axb5 c5 17.bxc6 Bxc6 18.Ra1 a5 19.Ba3 Reb8 20.Rec1 a4 21.Qa2 Bxa3 22.Qxa3 Kf8
23.h3 Rb3 24.Qxe7+ Kxe7 25.Nd2 Rb2 26.Ndb1 Ne8 27.e4 dxe4 28.Nxe4 Bb7 29.Nec3 Nb6
30.Na3 Nd6 31.Re1+ Kf8 32.Reb1 Rxb1+ 33.Rxb1 Rc8 34.Ncb5 Nxb5 35.Nxb5 Ba6
36.Bf1 Nc4 37.Bxc4 Rxc4 38.Nd6 Rc6 39.Ne4 Bc4 40.Rb8+ Ke7 41.Rb7+ Kd8 42.Nc3 a3
43.d5 Bxd5 44.Nxd5 a2 45.Ra7 Rc1+ 46.Kh2 a1=Q 47.Rxa1 Rxa1 48.h4 Kd7 49.g3 Ke6
50.Nf4+ Ke5 51.Kg2 Ra3 52.Nh3 h6 53.Kh2 Kf5 54.Kg2 Ra4 55.Ng1 Kg4 56.Nf3 f6
57.Nh2+ Kf5 58.Nf1 Ra3 59.Nd2 Rd3 60.Nf3 Ke4 61.Nh2 f5 62.h5 f4 63.f3+ Kf5
64.g4+ Kg5 65.Nf1 Kh4  0-1

[Event "LBV Open A 2012"]
[Site "Roosendaal NED"]
[Date "2012.08.17"]
[Round "3.1"]
[White "Tiviakov,S"]
[Black "Kasparov,S"]
[Result "1-0"]
[WhiteElo "2674"]
[BlackElo "2490"]

1.e4 c6 2.d3 d5 3.Nd2 g6 4.Ngf3 Bg7 5.d4 Bg4 6.c3 dxe4 7.Nxe4 Qd5 8.Bd3 Nf6
9.Qe2 O-O 10.h3 Bf5 11.Nxf6+ Bxf6 12.Bc4 Qe4 13.Be3 Qc2 14.g4 Qxe2+ 15.Kxe2 Be4
16.Rhd1 Nd7 17.Nd2 Bd5 18.f4 Bxc4+ 19.Nxc4 e6 20.Ne5 Rfd8 21.c4 Be7 22.a4 f6
23.Nd3 Kf7 24.a5 Bd6 25.c5 Be7 26.a6 b6 27.b4 b5 28.f5 g5 29.Nf2 Nf8 30.Ne4 exf5
31.gxf5 Rd5 32.Rf1 Rad8 33.Rad1 h5 34.Nc3 Nd7 35.Nxd5 cxd5 36.Ra1 Rb8 37.Bg1 Re8
38.Kd3 Bd8 39.Bh2 Ne5+ 40.dxe5 fxe5 41.Bxe5 Rxe5 42.Rae1 Bc7 43.Rxe5 Bxe5
44.Re1  1-0

[Event "LBV Open A 2012"]
[Site "Roosendaal NED"]
[Date "2012.08.18"]
[Round "5.1"]
[White "Tiviakov,S"]
[Black "Winants,L"]
[Result "1/2-1/2"]
[WhiteElo "2674"]
[BlackElo "2543"]

1.e4 e5 2.Nf3 Nc6 3.Bb5 a6 4.Ba4 d6 5.O-O Bd7 6.c3 g6 7.d4 Bg7 8.Re1 b5 9.Bc2 Nf6
10.Bg5 h6 11.Bh4 O-O 12.Nbd2 exd4 13.Nxd4 Re8 14.f4 Qb8 15.N2f3 Qb6 16.Kh1 Nh5
17.Qd2 b4 18.Bf2 bxc3 19.bxc3 Qa5 20.Bb3 Rad8 21.Bh4 Nxd4 22.Nxd4 Rb8 23.Rac1 Nf6
24.Qd3 Qh5 25.Bg3 c5 26.Bd1 Bg4 27.Nf3 d5 28.e5 Ne4 29.Kg1 Red8 30.c4 Nxg3
31.hxg3 dxc4 32.Qxc4 Rb2 33.Be2 g5 34.Qxc5 Bf8 35.Qe3 gxf4 36.gxf4 Rxa2 37.e6 Bxe6
38.Ne5 Qh4 39.Ng6 Qf6 40.Nxf8 Kxf8 41.Rc6 Qd4 42.Qxd4 Rxd4 43.Rxa6 Rxa6 44.Bxa6 Rxf4  1/2-1/2

[Event "DYTM KL Open 2012"]
[Site "Kuala Lumpur MAS"]
[Date "2012.09.18"]
[Round "1.1"]
[White "Ngo Thi Kim Tuyen"]
[Black "Tiviakov,S"]
[Result "0-1"]
[WhiteElo "2054"]
[BlackElo "2674"]

1.Nf3 Nf6 2.b3 b6 3.Bb2 Bb7 4.e3 g6 5.Be2 Bg7 6.O-O O-O 7.c4 d6 8.d4 Nbd7
9.Nbd2 e5 10.dxe5 Ne8 11.Qc2 dxe5 12.b4 e4 13.Nd4 c5 14.bxc5 bxc5 15.Nb5 f5
16.Rfd1 a6 17.Bxg7 Nxg7 18.Nc3 Rf7 19.Nd5 Ne6 20.Qc3 Bc6 21.Rab1 a5 22.Rb2 a4
23.a3 Qa5 24.Qxa5 Rxa5 25.f3 exf3 26.Nxf3 Ra7 27.Nc3 Re7 28.Rd6 Nd8 29.Kf2 Re6
30.Rd1 Nf7 31.Nb5 Rb7 32.Rbd2 Nf6 33.Kg1 Rxe3 34.Nd6 Rd7 35.Nxf7 Kxf7 36.Rxd7+ Bxd7
37.Bd3 Bc6 38.Ng5+ Ke7 39.Nh3 Ne4 40.Nf4 g5 41.Bxe4 Rxe4 42.Nd3 Re2 43.Re1 Rxe1+
44.Nxe1 Be4 45.Kf2 Ke6 46.Nf3 Bxf3 47.gxf3 Ke5 48.Ke3 f4+ 49.Kd3 h5  0-1

[Event "DYTM KL Open 2012"]
[Site "Kuala Lumpur MAS"]
[Date "2012.09.18"]
[Round "2.1"]
[White "Tiviakov,S"]
[Black "Padmini,R"]
[Result "1-0"]
[WhiteElo "2674"]
[BlackElo "2328"]

1.e4 c5 2.Nc3 d6 3.Nge2 Nf6 4.g3 g6 5.d4 cxd4 6.Nxd4 Bg7 7.Bg2 O-O 8.O-O a6
9.h3 Nc6 10.Nde2 Bd7 11.Nd5 Nxd5 12.exd5 Na5 13.c3 Qb6 14.b3 Qc7 15.Bg5 Rae8
16.Qd2 b5 17.Rfd1 Nb7 18.Rac1 a5 19.Nd4 Nc5 20.Nc6 Bxc6 21.dxc6 Rb8 22.Qe2 Rfe8
23.Be3 Ne6 24.c4 b4 25.c5 dxc5 26.Rd7 Qe5 27.Qc4 h5 28.Bd5 h4 29.Bxe6 fxe6
30.Bf4  1-0

[Event "DYTM KL Open 2012"]
[Site "Kuala Lumpur MAS"]
[Date "2012.09.19"]
[Round "4.3"]
[White "Tiviakov,S"]
[Black "Ziatdinov,R"]
[Result "1-0"]
[WhiteElo "2674"]
[BlackElo "2384"]

1.e4 e5 2.Nf3 Nc6 3.Bc4 Bc5 4.c3 Nf6 5.d3 d6 6.Bb3 a6 7.h3 Be6 8.Bc2 d5 9.Qe2 O-O
10.Nbd2 Re8 11.Ng5 d4 12.Nxe6 Rxe6 13.Nf3 b5 14.O-O Rb8 15.Bb3 Qd6 16.c4 b4
17.Ba4 Nd7 18.Nh2 Nb6 19.Bxc6 Qxc6 20.b3 Nd7 21.f4 a5 22.fxe5 Nxe5 23.Rf5 Qe8
24.Bf4 Ra6 25.Bg3  1-0

[Event "DYTM KL Open 2012"]
[Site "Kuala Lumpur MAS"]
[Date "2012.09.20"]
[Round "6.1"]
[White "Deepan,C"]
[Black "Tiviakov,S"]
[Result "1/2-1/2"]
[WhiteElo "2521"]
[BlackElo "2674"]

1.d4 Nf6 2.Nf3 e6 3.g3 b6 4.Bg2 Bb7 5.c4 Bb4+ 6.Bd2 Be7 7.O-O c6 8.Nc3 d5
9.Bf4 O-O 10.Re1 dxc4 11.Ne5 Nd5 12.Nxc4 Na6 13.Nxd5 cxd5  1/2-1/2

[Event "5th Kolkata Open"]
[Site "Kolkata IND"]
[Date "2012.12.11"]
[Round "9.13"]
[White "G.,A"]
[Black "Tiviakov,S"]
[Result "0-1"]
[WhiteElo "2404"]
[BlackElo "2663"]

1.e4 e6 2.d4 d5 3.Nc3 dxe4 4.Nxe4 Nd7 5.Nf3 Ngf6 6.Nxf6+ Nxf6 7.Bg5 c5 8.Bc4 cxd4
9.O-O Be7 10.Qe2 O-O 11.Rad1 Qc7 12.Rxd4 Bd7 13.Ne5 Rad8 14.Rh4 Bc8 15.Re1 Ne8
16.Qh5 h6 17.Bxe7 Qxe7 18.Bd3 Nf6 19.Qf3 Rd5 20.Qg3 Kh8 21.Qh3 Ng8 22.Rf4 Bd7
23.c4 Ra5 24.Qe3 Be8 25.a3 Nf6 26.Bc2 Ra6 27.Rd1 Kg8 28.Qd3 g6 29.Rd4 Bc6
30.Qe3 Kg7 31.b4 Rc8 32.h4 Be8 33.g4 Nh7 34.Nf3 Rac6 35.Bb3 b6 36.g5 hxg5
37.hxg5 a5 38.Rh4 e5 39.Kg2 axb4 40.Rdh1 Nf8 41.axb4 Qxb4 42.Qxe5+ f6 43.Qh2 Qxb3
44.Rh7+ Nxh7 45.Qxh7+ Kf8 46.Qh8+ Ke7 47.Re1+ Kd6 48.Rxe8 Rxe8 49.Qxe8 Qxc4
50.gxf6 Qg4+ 51.Kh2 Qxf3 52.Qe7+ Kd5 53.Qd7+ Kc4 54.f7 Qxf2+ 55.Kh3 Rf6 56.Qa4+ Kd5
57.Qd7+ Kc5 58.Qc7+ Kb4 59.Qe7+ Kb3  0-1

[Event "5th Kolkata Open"]
[Site "Kolkata IND"]
[Date "2012.12.12"]
[Round "10.8"]
[White "Tiviakov,S"]
[Black "Deepan,C"]
[Result "1-0"]
[WhiteElo "2663"]
[BlackElo "2487"]

1.e4 c5 2.Nf3 d6 3.d4 cxd4 4.Qxd4 a6 5.c4 Nc6 6.Qd2 g6 7.b3 Bg7 8.Nc3 Nf6
9.Bb2 Bg4 10.Nd4 Nxd4 11.Qxd4 Qa5 12.f3 Be6 13.Qd2 h5 14.Na4 Qxd2+ 15.Kxd2 O-O
16.Rb1 Bh6+ 17.Kc2 Nd7 18.Bd4 Rac8 19.Nc3 Bg7 20.Bxg7 Kxg7 21.Rd1 h4 22.Kb2 g5
23.Ne2 Ne5 24.Nd4 Rh8 25.Bd3 Bd7 26.Bc2 Kf6 27.Rhf1 Kg7 28.Rd2 Rh6 29.Rff2 Rhh8
30.Bd1 Rh6 31.Rf1 Be6 32.Kb1 Rf6 33.Rff2 Rh8 34.Kb2 Rfh6 35.g3 hxg3 36.hxg3 Bc8
37.f4 Ng4 38.fxg5 Rh3 39.Bxg4 Bxg4 40.Nf5+ Bxf5 41.exf5 Rxg3 42.f6+ exf6
43.gxf6+ Kg6 44.Rxd6 b5 45.c5 Rg5 46.Rc2 a5 47.c6 Rc8 48.c7  1-0

[Event "5th Kolkata Open"]
[Site "Kolkata IND"]
[Date "2012.12.13"]
[Round "11.6"]
[White "Dimakiling,O"]
[Black "Tiviakov,S"]
[Result "0-1"]
[WhiteElo "2453"]
[BlackElo "2663"]

1.Nf3 Nf6 2.c4 b6 3.Nc3 Bb7 4.g3 e6 5.Bg2 Be7 6.O-O O-O 7.b3 d5 8.e3 c5 9.cxd5 Nxd5
10.Bb2 Nd7 11.Qe2 a5 12.Rfd1 Ba6 13.d3 Rc8 14.Rac1 Re8 15.e4 Nxc3 16.Bxc3 e5
17.Nxe5 Nxe5 18.Bxe5 Bg5 19.Bf4 Bxf4 20.gxf4 Qd4 21.Rd2 Rcd8 22.Rcd1 Qf6
23.Qg4 Rd4 24.f5 Red8 25.Qg3 a4 26.Bh3 axb3 27.axb3 Qc6 28.Bg2 Qf6 29.Bh3 Bb7
30.f3 Qh6 31.Kf2 Ba6 32.Bf1 Qf6 33.Qc7 R4d6 34.Qa7 Qd4+ 35.Kg2 Bb5 36.Re2 Qe5
37.Rf2 Qf4 38.b4 cxb4 39.d4 Qg5+ 40.Kh1 Qe3 41.Kg2 Bxf1+ 42.Kxf1 Rxd4 43.Rxd4 Qxd4
44.Qe7 b3 45.e5 Rc8 46.Kg2 Qd3 47.f6 Qg6+ 48.Kh3 Qf5+ 49.Kg3 gxf6 50.exf6 Qg5+
51.Kh3 Qh5+ 52.Kg2 Kh8 53.Re2 Rg8+ 54.Kf2 b2 55.Re1 Qh4+ 56.Kf1  0-1

[Event "Nakhchivan Open A 2013"]
[Site "Nakhchivan AZE"]
[Date "2013.04.23"]
[Round "2.10"]
[White "Rzayev,B"]
[Black "Tiviakov,S"]
[Result "0-1"]
[WhiteElo "2411"]
[BlackElo "2650"]

1.c4 e5 2.Nc3 Nf6 3.g3 d5 4.cxd5 Nxd5 5.Bg2 Nb6 6.Nf3 Nc6 7.O-O Be7 8.d3 Be6
9.a3 f6 10.b4 Nd4 11.Nd2 Nd5 12.Bb2 Nxc3 13.Bxc3 c6 14.Rb1 Nb5 15.Bb2 O-O
16.Nb3 Bd5 17.e4 Bf7 18.f4 Bd6 19.Kh1 Qe7 20.d4 Rad8 21.Qc2 Nxd4 22.Nxd4 exd4
23.Bxd4 Bxf4 24.Bxf6 gxf6 25.Rxf4 Bg6 26.Qf2 a6 27.Rf1 Kg7 28.g4 Qe5 29.h4 h6
30.Qg3 Rfe8 31.Qf2 Rd6 32.Qf3 Red8 33.Qf2 Rd1 34.Qg1 Rxf1 35.Qxf1 Rd4 36.Kg1 Qd6
37.Qf2 Rd2 38.Qe3 Rd3 39.Qf2 Rxa3 40.g5 hxg5 41.hxg5 fxg5 42.Qb2+ Kh7 43.e5 Qd1+
44.Rf1 Qb3 45.Qf2 Qe3 46.Rd1 Bf5 47.Rd8 Qxe5 48.Rb8 Ra1+ 49.Bf1 Rxf1+ 50.Qxf1 Qg3+
51.Qg2 Qxb8 52.Qxg5 Qg8  0-1

[Event "Nakhchivan Open A 2013"]
[Site "Nakhchivan AZE"]
[Date "2013.04.24"]
[Round "3.4"]
[White "Tiviakov,S"]
[Black "Sulskis,S"]
[Result "1-0"]
[WhiteElo "2650"]
[BlackElo "2567"]

1.e4 c5 2.Nf3 e6 3.c3 d5 4.exd5 exd5 5.d4 Nf6 6.Be3 cxd4 7.Nxd4 Bd6 8.Nb5 Be5
9.Bxa7 O-O 10.Be2 Ne4 11.Bd4 Qh4 12.g3 Nxg3 13.fxg3 Bxg3+ 14.Kd2 Bf4+ 15.Kc2 Nc6
16.N1a3 Re8 17.Bd3 Bg4 18.Qf1 Rac8 19.h3 Bd7 20.Kb1 Ne5 21.Bxe5 Bxe5 22.Nc2 Rc4
23.Nbd4 Bxd4 24.Nxd4 Ba4 25.Qg1 Rxd4 26.cxd4 Re2 27.b3 Rf2 28.Rh2 Rf3 29.Bc2 Bd7
30.Kb2 Qf4 31.Re1 g5 32.Bd1 Rd3 33.Qf2 Qxf2+ 34.Rxf2 Rxh3 35.Re5  1-0

[Event "Nakhchivan Open A 2013"]
[Site "Nakhchivan AZE"]
[Date "2013.04.25"]
[Round "4.2"]
[White "Mchedlishvili,M"]
[Black "Tiviakov,S"]
[Result "1/2-1/2"]
[WhiteElo "2640"]
[BlackElo "2650"]

1.d4 Nf6 2.c4 e6 3.Nc3 Bb4 4.Qc2 O-O 5.a3 Bxc3+ 6.Qxc3 d6 7.f3 c5 8.dxc5 dxc5
9.Bg5 Nc6 10.e3 e5 11.Bd3 h6 12.Bh4 Qa5 13.Ne2 Be6 14.Bxf6 gxf6 15.b3 f5
16.Kf2 Qxc3 17.Nxc3 Rfd8 18.Rhd1 Kg7 19.Bc2 b6 20.Ne2 Kf6 21.f4 a5 22.a4 Nb4
23.Rxd8 Rxd8 24.Rd1 Rxd1 25.Bxd1  1/2-1/2

[Event "Nakhchivan Open A 2013"]
[Site "Nakhchivan AZE"]
[Date "2013.04.26"]
[Round "5.1"]
[White "Tiviakov,S"]
[Black "Macieja,B"]
[Result "1/2-1/2"]
[WhiteElo "2650"]
[BlackElo "2608"]

1.e4 c6 2.d4 d5 3.Nd2 dxe4 4.Nxe4 Bf5 5.Ng3 Bg6 6.Nh3 Nf6 7.Bc4 e6 8.Nf4 Bd6
9.Bb3 a5 10.a3 Qc7 11.Qf3 Nbd7 12.c3 O-O 13.O-O Bxf4 14.Qxf4 Qxf4 15.Bxf4 a4
16.Ba2 b5 17.Bd6 Rfc8 18.f3 Nb6 19.Rf2 Nc4 20.Bb4 Nd7 21.Rd1 c5 22.Bxc5  1/2-1/2